000 00246nam a22001097a 4500
082 _a630/VER
100 _aVerma,Kushal
_983557
245 _aSmall Scale Farming
260 _aDelhi
_bAdvaita Publicatio
_c2020
650 _aAgriculture
942 _cBK
999 _c68499
_d68499